Os Açores a Colombo (Record no. 54633)

MARC details
000 -LEADER
campo de control de longitud fija 01233nam a2200265 i 4500
001 - NÚMERO DE CONTROL
campo de control 54633
003 - IDENTIFICADOR DE NÚMERO DE CONTROL
campo de control ES-MaACL
005 - FECHA Y HORA DE LA ÚLTIMA TRANSACCIÓN
campo de control 20251003194734.0
007 - CAMPO FIJO DE DESCRIPCIÓN FÍSICA--INFORMACIÓN GENERAL
campo de control de longitud fija t|
008 - DATOS DE LONGITUD FIJA--INFORMACIÓN GENERAL
campo de control de longitud fija 931025s1892 po |||| | por d
245 03 - MENCIÓN DEL TÍTULO
Título Os Açores a Colombo
Resto del título : libro do centenario de Colombo no archipelago açoriano /
Mención de responsabilidad, etc. con um artigo original do Snr. Ángel Rodríguez de Quijano y Arroquia ; publigado sob a direcçâo de Joaquim de Araujo e Gabriel d'Almeida.
260 ## - PUBLICACIÓN, DISTRIBUCIÓN, ETC.
Lugar de publicación, distribución, etc. Ponta Delgada :
Nombre del editor, distribuidor, etc. [s.n.],
Fecha de publicación, distribución, etc. 1892 (
Fabricante Tip. do Campecâo Popular)
300 ## - DESCRIPCIÓN FÍSICA
Extensión 39 p. ;
Dimensiones 32 cm.
530 ## - NOTA DISPONIBLE DE FORMULARIO FÍSICO ADICIONAL
Nota de formato físico adicional disponible Disponible en formato digital.
600 14 - PUNTO DE ACCESO ADICIONAL DE MATERIA--NOMBRE DE PERSONA
Nombre de persona Colón, Cristóbal-
Subdivisión de forma Aniversarios y centenarios.
9 (RLIN) 166344
651 #4 - PUNTO DE ACCESO ADICIONAL DE MATERIA--NOMBRE GEOGRÁFICO
Nombre geográfico América-
Subdivisión general Descubrimientos y exploraciones-
Subdivisión de forma Aniversarios y centenarios.
9 (RLIN) 138063
651 #4 - PUNTO DE ACCESO ADICIONAL DE MATERIA--NOMBRE GEOGRÁFICO
Nombre geográfico Azores-
Subdivisión general Historia.
9 (RLIN) 7850
700 1# - ENTRADA AGREGADA--NOMBRE PERSONAL
Nombre de persona Rodríguez de Quijano y Arroquia, Angel.
9 (RLIN) 98469
700 1# - ENTRADA AGREGADA--NOMBRE PERSONAL
Nombre de persona Araujo, Joaquim de,
Fechas asociadas al nombre 1858-1917
9 (RLIN) 22356
700 1# - ENTRADA AGREGADA--NOMBRE PERSONAL
Nombre de persona Almeida, Gabriel d'.
9 (RLIN) 20111
700 1# - ENTRADA AGREGADA--NOMBRE PERSONAL
Nombre de persona Colón, Cristóbal.
9 (RLIN) 39869
852 ## - LOCALIZACIÓN
Ubicación ES-MaACL
Número de control de estantería T-652-F-6
856 ## - LOCALIZACIÓN Y ACCESO ELECTRÓNICOS
Identificador Uniforme de Recursos <a href="http://bibliotecadigitalhispanica.bne.es:80/webclient/DeliveryManager?pid=3207521&custom_att_2=simple_viewer">http://bibliotecadigitalhispanica.bne.es:80/webclient/DeliveryManager?pid=3207521&custom_att_2=simple_viewer</a>
Nota pública Biblioteca Digital Hispánica
Holdings
Estatus retirado Estado de pérdida Estado de daño No para préstamo Colección Biblioteca de origen Biblioteca actual Ubicación en estantería Fecha de adquisición Fuente de adquisición Total de préstamos Signatura topográfica completa Código de barras Visto por última vez Precio de reemplazo Tipo de ítem Koha
        Colección de folletos Biblioteca del Ateneo de Madrid Biblioteca del Ateneo de Madrid Depósito folletos 17/01/2008     T-652-F-6 1057406 23/02/2023 23/02/2023 Folleto